English step by step : (Record no. 12178)
| 000 -BAŞLIK | |
|---|---|
| Sabit Uzunluktaki Kontrol Alanı | 01062nam a22003137a 4500 |
| 001 - KONTROL NUMARASI | |
| Control Dosyası | 0012209 |
| 003 - KONTROL NUMARASI KİMLİĞİ | |
| Kontrol Alanı | KOHA_MİRAKIL |
| 005 - EN SON İŞLEM TARİHİ ve ZAMANI | |
| Kontrol Alanı | 20260207001842.0 |
| 007 - FİZİKSEL TANIM SABİT ALAN - GENEL BİLGİ | |
| Sabit uzunluklu kontrol alanı | ta |
| 008 - SABİT UZUNLUKTAKİ VERİ ÖGELERİ - GENEL BİLGİ | |
| Sabit Alan | 110517b tu a|||gr||||#0|||1|tur | |
| 020 ## - ISBN - ULUSLARARASI STANDART KİTAP NUMARASI | |
| Isbn | 9758895230 |
| Kullanılabilirlik koşulları | 0,01 |
| 040 ## - KATALOGLAMA KAYNAĞI | |
| Özgün Kataloglama Kurumu | TR-BiSEU |
| Kataloglama Dili | tur |
| Çeviri Kurumu | TR-BiSEU |
| Açıklama Kuralları | rda |
| 041 0# - DİL KODU | |
| Metin ya da ses kaydının dil kodu | tur |
| 044 ## - YAYINLAYAN/ÜRETEN KURULUŞUN ÜLKE KODU | |
| ISO country code | tu |
| 050 ## - SINIFLAMA ve YER NUMARASI | |
| Sınıflama Numarası | PE1112 |
| Yer Numarası | .M57 [t.y.] |
| 100 1# - KİŞİ ADI | |
| Yazar Adı (Kişi adı) | Mirici, İ. Hakkı. |
| 245 1# - ESER ADI BİLDİRİMİ | |
| Başlık | English step by step : |
| Alt Eseradı vb. | course book/ |
| Sorumluluk Bildirimi | İ. Hakkı Mirici ; İ. Hakkı Mirici, Pelin Ayla Tellioğlu. |
| 264 #1 - ÜRERİM, YAYIN, DAĞITIM ve TELİF BİLDİRİMİ | |
| Yayın yeri | Ankara : |
| Yayınlayan | Gazi Kitabevi |
| Yayın tarihi | [t.y.] |
| 300 ## - FİZİKSEL TANIMLAMA | |
| Sayfa, Cilt vb. | xxi, 560 sayfa: resimli |
| 336 ## - İÇERİK TÜRÜ | |
| Content type term | metin |
| Content type code | txt |
| Source | rdacontent |
| 337 ## - MEDYA TÜRÜ | |
| Media type term | aracısız |
| Media type code | n |
| Source | rdamedia |
| 338 ## - TAŞIYICI TÜRÜ | |
| Carrier type term | cilt |
| Carrier type code | nc |
| Source | rdacarrier |
| 650 #0 - KONU BAŞLIĞI EK GİRİŞ - KONU TERİMİ | |
| Konusal terim veya coğrafi ad | İngiliz dili--Gramer--Problemler, alıştırmalar, vb. |
| 9 (RLIN) | 29531 |
| 650 #0 - KONU BAŞLIĞI EK GİRİŞ - KONU TERİMİ | |
| Konusal terim veya coğrafi ad | İngiliz dili--Yabancılar için ders kitapları. |
| 9 (RLIN) | 29532 |
| 650 #0 - KONU BAŞLIĞI EK GİRİŞ - KONU TERİMİ | |
| Konusal terim veya coğrafi ad | English language--Grammar--Problems, exercıses, etc. |
| 9 (RLIN) | 29533 |
| 650 #0 - KONU BAŞLIĞI EK GİRİŞ - KONU TERİMİ | |
| Konusal terim veya coğrafi ad | Englısh language--Textbooks for foreign speakers. |
| 9 (RLIN) | 29534 |
| 907 ## - LOCAL DATA ELEMENT G, LDG (RLIN) | |
| a | Dil |
| 942 ## - EK GİRİŞ ÖGELERİ (KOHA) | |
| Source of classification or shelving scheme | Library of Congress Classification |
| Koha item type | Book |
| Materyal Türü | Kalıcı Konum | Mevcut Konum | Raf Yeri | Sınıflandırma Kaynağı | Edinim Bilgisi | Ana Konular | Alt Konular | Yer Numarası | Demirbaş Numarası | Fatura Tarihi | Geri Çekilme Durumu | Kayıp Durumu | Hasarlı Durumu | Kredi için değil | Kayıt Tarih | Toplam Ödünçverme | Son Görülme Tarihi | Son Kontrol Tarihi | Genel / Bağış Notu | Maliyet, Alış Fiyatı | Maliyet, Yenileme Fiyatı |
|---|---|---|---|---|---|---|---|---|---|---|---|---|---|---|---|---|---|---|---|---|---|
| Book | BŞEÜ Gölpazarı MYO Kütüphanesi | BŞEÜ Gölpazarı MYO Kütüphanesi | Library of Congress Classification | Bağış | DİL VE EDEBİYAT | İngiliz Dili | PE1112 .M57 [t.y.] | 0019205 | 02/02/2026 | 08/07/2010 | 26/05/2025 | 26/05/2025 | Genel Bağış | 3.00 | 3.00 | ||||||
| Book | BŞEÜ Pazaryeri MYO Kütüphanesi | BŞEÜ Pazaryeri MYO Kütüphanesi | Library of Congress Classification | Bağış | DİL VE EDEBİYAT | İngiliz Dili | PE1112 .M57 [t.y.] | 0022984 | 02/02/2026 | 18/10/2010 | 26/05/2025 | 26/05/2025 | Genel Bağış | 3.00 | 3.00 | ||||||
| Book | BŞEÜ Pazaryeri MYO Kütüphanesi | BŞEÜ Pazaryeri MYO Kütüphanesi | Library of Congress Classification | Bağış | DİL VE EDEBİYAT | İngiliz Dili | PE1112 .M57 [t.y.] | 0022986 | 02/02/2026 | 18/10/2010 | 26/05/2025 | 26/05/2025 | Genel Bağış | 3.00 | 3.00 | ||||||
| Book | Prof. Dr. Azmi Özcan Kütüphanesi | Prof. Dr. Azmi Özcan Kütüphanesi | Birûni Salonu | Library of Congress Classification | Bağış | DİL VE EDEBİYAT | İngiliz Dili | PE1112 .M57 [t.y.] | 0012209 | 13/08/2010 | 29/12/2009 | 24 | 26/05/2025 | 26/05/2025 | Genel Bağış | ||||||
| Book | Prof. Dr. Azmi Özcan Kütüphanesi | Prof. Dr. Azmi Özcan Kütüphanesi | Birûni Salonu | Library of Congress Classification | Bağış | DİL VE EDEBİYAT | İngiliz Dili | PE1112 .M57 [t.y.] | 0012739 | 02/02/2026 | 05/02/2010 | 26/05/2025 | 26/05/2025 | Genel Bağış | 3.00 | 3.00 | |||||
| Book | Prof. Dr. Azmi Özcan Kütüphanesi | Prof. Dr. Azmi Özcan Kütüphanesi | Birûni Salonu | Library of Congress Classification | Bağış | DİL VE EDEBİYAT | İngiliz Dili | PE1112 .M57 [t.y.] | 0030161 | 02/02/2026 | 17/05/2011 | 8 | 26/05/2025 | 26/05/2025 | Genel Bağış | 3.00 | 3.00 |
